[Event "Southern Alberta op"]
[Site "Calgary CAN"]
[Date "2002.11.17"]
[Round "4"]
[White "Nguyen, Kim"]
[Black "Gardner, Robert"]
[Result "0-1"]
[WhiteElo "1985"]
[BlackElo "2255"]
[PlyCount "42"]
[EventDate "2002.11.15"]
[EventType "swiss"]
[EventRounds "5"]
[EventCountry "CAN"]

1. e4 c5 2. Nf3 d6 3. d4 cxd4 4. Nxd4 Nf6 5. Nc3 a6 6. Bc4 e6 7. Bb3 Nbd7 8. f4
Nc5 9. f5 Be7 10. Qf3 O-O 11. Be3 e5 12. Nde2 Nxb3 13. axb3 b5 14. b4 Bb7 15.
Rd1 Rc8 16. O-O Rc4 17. Ng3 Qa8 18. Bg5 Nxe4 19. Bxe7 Nxc3 20. Qh5 Nxd1 21.
Rxd1 Rxc2 0-1

[Event "Southern Alberta op"]
[Site "Calgary CAN"]
[Date "2002.11.17"]
[Round "4"]
[White "Robertson, Archie"]
[Black "Cui, Maylin"]
[Result "1-0"]
[WhiteElo "1870"]
[BlackElo "1300"]
[PlyCount "75"]
[EventDate "2002.11.15"]
[EventType "swiss"]
[EventRounds "5"]
[EventCountry "CAN"]

1. d4 d5 2. c4 e6 3. Bf4 Bb4+ 4. Nc3 Nf6 5. a3 Bxc3+ 6. bxc3 b6 7. e3 Nc6 8.
Nf3 O-O 9. Be2 Re8 10. Bg5 e5 11. dxe5 Nxe5 12. Bxf6 Qxf6 13. Qd4 Bb7 14. cxd5
Rad8 15. O-O Bxd5 16. Nxe5 Bxg2 17. Ng4 Qf5 18. Kxg2 Rxd4 19. cxd4 Re4 20. f3
Re6 21. Rg1 h5 22. Ne5 Qg5+ 23. Kf2 Qh4+ 24. Rg3 c5 25. Rag1 cxd4 26. f4 f6 27.
Bc4 dxe3+ 28. Kxe3 fxe5 29. Bxe6+ Kf8 30. fxe5 Qe7 31. Rf1+ Ke8 32. Bf7+ Kd8
33. e6 Qxa3+ 34. Kf2 Qa2+ 35. Kg1 Qb2 36. Rd3+ Ke7 37. Rd7+ Kf8 38. e7# 1-0

[Event "Southern Alberta op"]
[Site "Calgary CAN"]
[Date "2002.11.17"]
[Round "4"]
[White "Roy, Jim"]
[Black "Kazmaier, Daniel"]
[Result "1-0"]
[WhiteElo "1923"]
[BlackElo "1867"]
[PlyCount "63"]
[EventDate "2002.11.15"]
[EventType "swiss"]
[EventRounds "5"]
[EventCountry "CAN"]

1. d4 Nf6 2. c4 g6 3. Nc3 d5 4. cxd5 Nxd5 5. e4 Nxc3 6. bxc3 Bg7 7. Be3 c5 8.
Bb5+ Nd7 9. Qd2 Qa5 10. Rb1 a6 11. Bd3 b5 12. Ne2 cxd4 13. cxd4 Qxd2+ 14. Kxd2
Nb6 15. Rhc1 Bd7 16. Rc7 Kd8 17. Rb7 Na4 18. Rc1 Rc8 19. Rxc8+ Bxc8 20. Ra7 Nb2
21. Nf4 Nxd3 22. Kxd3 f5 23. e5 Bh6 24. Nd5 Bxe3 25. Kxe3 Re8 26. Nb6 e6 27.
Rxh7 g5 28. Ra7 a5 29. Nxc8 Kxc8 30. Rxa5 f4+ 31. Kf3 Rd8 32. Ra8+ 1-0

[Event "Southern Alberta op"]
[Site "Calgary CAN"]
[Date "2002.11.17"]
[Round "4"]
[White "Ward, Kevin"]
[Black "Swiecicki, Bronislav"]
[Result "0-1"]
[WhiteElo "1663"]
[BlackElo "1751"]
[PlyCount "61"]
[EventDate "2002.11.15"]
[EventType "swiss"]
[EventRounds "5"]
[EventCountry "CAN"]

1. e4 d5 2. Nc3 d4 3. Nce2 e5 4. d3 c6 5. h3 f5 6. Nf3 Bd6 7. c3 fxe4 8. dxe4
c5 9. Ng3 Bd7 10. Bc4 b5 11. Bd3 c4 12. Be2 d3 13. Bf1 Bc6 14. Nh2 Nf6 15. f3
O-O 16. Bg5 h6 17. Be3 Nbd7 18. Qd2 Qa5 19. Qc1 Rad8 20. Nf5 Qc7 21. Ng4 h5 22.
Nf2 Bc5 23. Bxc5 Nxc5 24. Qd2 Qa5 25. Nd1 Nb3 26. axb3 Qxa1 27. bxc4 bxc4 28.
g4 Ba4 29. Bg2 Qxd1+ 30. Qxd1 Bxd1 31. Kxd1 0-1

[Event "Southern Alberta op"]
[Site "Calgary CAN"]
[Date "2002.11.17"]
[Round "5"]
[White "Cripps, Richard"]
[Black "Williams, Philip"]
[Result "1-0"]
[WhiteElo "1400"]
[BlackElo "1376"]
[PlyCount "81"]
[EventDate "2002.11.15"]
[EventType "swiss"]
[EventRounds "5"]
[EventCountry "CAN"]

1. d4 Nf6 2. c4 e6 3. Nc3 Bb4 4. a3 Bxc3+ 5. bxc3 d6 6. Nf3 O-O 7. Bg5 Nbd7 8.
e3 h6 9. Bh4 c5 10. Bd3 Re8 11. O-O b6 12. e4 g5 13. Bg3 e5 14. d5 Nf8 15. h3
Ng6 16. Re1 Kh8 17. Nh2 h5 18. f3 h4 19. Bf2 Nh5 20. Qd2 Ngf4 21. Ng4 Rg8 22.
Bf1 Qf8 23. a4 f5 24. Ne3 Nxh3+ 25. gxh3 g4 26. Bxh4 gxf3+ 27. Kf2 fxe4 28. Ng4
Bxg4 29. hxg4 Nf4 30. Rxe4 Rxg4 31. Bg3 Nh3+ 32. Bxh3 Rxe4 33. Bf1 Re8 34. Bd3
Rg4 35. Rh1+ Kg7 36. Qh6+ Kf7 37. Qh5+ Ke7 38. Qxg4 Kd8 39. Rh7 Re7 40. Bh4 Qf4
41. Bxe7+ 1-0

[Event "Southern Alberta op"]
[Site "Calgary CAN"]
[Date "2002.11.17"]
[Round "5"]
[White "Daniluk, Jim"]
[Black "Dinca, Cornelia"]
[Result "1-0"]
[WhiteElo "1988"]
[BlackElo "1685"]
[PlyCount "103"]
[EventDate "2002.11.15"]
[EventType "swiss"]
[EventRounds "5"]
[EventCountry "CAN"]

1. d4 Nf6 2. Nf3 e6 3. c4 Bb4+ 4. Bd2 Bxd2+ 5. Qxd2 O-O 6. Nc3 b6 7. e4 Bb7 8.
Bd3 d6 9. O-O-O Re8 10. Qf4 Nfd7 11. e5 Nf8 12. Ng5 Qe7 13. h4 h6 14. Nge4 dxe5
15. dxe5 Ng6 16. Qg3 Nd7 17. f4 Rad8 18. h5 Ngf8 19. Rh4 f6 20. exf6 Nxf6 21.
Nf2 Qf7 22. Ng4 Nxg4 23. Rxg4 Rd7 24. Bg6 Rxd1+ 25. Nxd1 Nxg6 26. Rxg6 Kh8 27.
Ne3 Re7 28. Ng4 Be4 29. Ne5 Qe8 30. b3 Kh7 31. Qe3 Bxg6 32. Nxg6 Rf7 33. Qe4
Kg8 34. g4 c5 35. f5 Rf6 36. Nf4 e5 37. Ng6 Rd6 38. Nxe5 Rd4 39. Qe3 Qa8 40.
Ng6 Qh1+ 41. Kb2 Qe4 42. Qg3 Rd2+ 43. Ka3 Qe8 44. Qf4 Rd7 45. f6 gxf6 46. Qxf6
Rh7 47. Ne5 Qe7 48. Qf4 Qf8 49. Qe4 Rg7 50. Qd5+ Kh7 51. Qe4+ Kg8 52. Ng6 1-0

[Event "Southern Alberta op"]
[Site "Calgary CAN"]
[Date "2002.11.17"]
[Round "5"]
[White "Dean, Tim"]
[Black "Eshleman, Brandon"]
[Result "0-1"]
[WhiteElo "1776"]
[BlackElo "1903"]
[PlyCount "56"]
[EventDate "2002.11.15"]
[EventType "swiss"]
[EventRounds "5"]
[EventCountry "CAN"]

1. e4 e5 2. Nf3 Nc6 3. Bc4 Nf6 4. Ng5 d5 5. exd5 b5 6. Bxb5 Qxd5 7. Bxc6+ Qxc6
8. Qf3 e4 9. Qb3 Bc5 10. d4 exd3 11. O-O O-O 12. cxd3 Bb7 13. Ne4 Nxe4 14. dxe4
Qxe4 15. Qg3 f5 16. Nc3 Qc6 17. Qf3 Qxf3 18. gxf3 Bxf3 19. Re1 Rf6 20. Be3 Rg6+
21. Kf1 Bd6 22. Rec1 Bxh2 23. Ke1 Rd8 24. Ne2 f4 25. Bxa7 Re8 26. Rc2 Rge6 27.
Kf1 Rxe2 28. Rxe2 Rxe2 0-1

[Event "Southern Alberta op"]
[Site "Calgary CAN"]
[Date "2002.11.17"]
[Round "5"]
[White "Dinca, Cornelia"]
[Black "MacFie, Bob"]
[Result "1-0"]
[WhiteElo "1685"]
[BlackElo "1729"]
[PlyCount "71"]
[EventDate "2002.11.15"]
[EventType "swiss"]
[EventRounds "5"]
[EventCountry "CAN"]

1. e4 d6 2. d4 Nf6 3. Nc3 g6 4. h3 Bg7 5. Nf3 O-O 6. Be3 c6 7. Bd3 Qc7 8. O-O
Nbd7 9. Qd2 Re8 10. Ne2 e5 11. dxe5 dxe5 12. Ng3 Nf8 13. Rad1 Be6 14. Qc3 Nxe4
15. Nxe4 f5 16. Qa3 fxe4 17. Bxe4 Bf5 18. Qb4 Kh8 19. Bc5 a5 20. Qe1 Rad8 21.
Qe3 Nd7 22. Bd6 Qb6 23. Qxb6 Nxb6 24. Bxf5 gxf5 25. Bxe5 Bxe5 26. Rxd8 Rxd8 27.
Nxe5 Kg7 28. Nd3 Re8 29. Re1 Rxe1+ 30. Nxe1 Nc4 31. Nd3 Kf6 32. Kf1 b6 33. Ke2
Ke6 34. Kf3 Ne5+ 35. Nxe5 Kxe5 36. Kg3 1-0

[Event "Southern Alberta op"]
[Site "Calgary CAN"]
[Date "2002.11.17"]
[Round "5"]
[White "Gardner, Robert"]
[Black "Haessel, Dale"]
[Result "1-0"]
[WhiteElo "2255"]
[BlackElo "2239"]
[PlyCount "93"]
[EventDate "2002.11.15"]
[EventType "swiss"]
[EventRounds "5"]
[EventCountry "CAN"]

1. e4 c5 2. Nf3 d6 3. d4 cxd4 4. Nxd4 Nf6 5. Nc3 a6 6. Be2 e5 7. Nb3 Be7 8. O-O
O-O 9. Kh1 b6 10. Be3 Bb7 11. f3 Nbd7 12. Rf2 Rc8 13. Bf1 Rc7 14. Rd2 Qa8 15.
Na4 d5 16. Nxb6 Nxb6 17. Bxb6 Rc6 18. Be3 dxe4 19. Na5 exf3 20. Nxc6 Bxc6 21.
gxf3 Ng4 22. Qe1 Bh4 23. Qxh4 Bxf3+ 24. Kg1 Nxe3 25. Bd3 e4 26. Bxe4 Bxe4 27.
Re1 Nc4 28. Rd4 Bh1 29. Qf2 Nb6 30. c4 Bc6 31. Re7 Qc8 32. Qg3 Qf5 33. Re1 Qc5
34. Qd6 Qg5+ 35. Qg3 Qf5 36. Qd6 Qc8 37. b4 Nd7 38. Re7 Rd8 39. a4 Qb7 40. b5
axb5 41. axb5 Bh1 42. Rd2 Ra8 43. Qd4 Nf8 44. Rxb7 Bxb7 45. c5 Ne6 46. Qc3 Ra4
47. c6 1-0

[Event "Southern Alberta op"]
[Site "Calgary CAN"]
[Date "2002.11.17"]
[Round "5"]
[White "Kaminski, Thomas"]
[Black "Cui, Maylin"]
[Result "1-0"]
[WhiteElo "1436"]
[BlackElo "1300"]
[PlyCount "74"]
[EventDate "2002.11.15"]
[EventType "swiss"]
[EventRounds "5"]
[EventCountry "CAN"]

1. d4 d5 2. c4 e6 3. e3 Nc6 4. Nc3 Nf6 5. Nf3 Bb4 6. Bd2 Bxc3 7. Bxc3 O-O 8. c5
b6 9. b4 a5 10. b5 Ne4 11. Bb2 Ne7 12. c6 Qd6 13. a3 Ng6 14. Nd2 e5 15. Nxe4
dxe4 16. dxe5 Nxe5 17. Qxd6 cxd6 18. Be2 Bg4 19. Bxe5 Bxe2 20. Kxe2 dxe5 21. a4
f6 22. Rhd1 Rad8 23. Rxd8 Rxd8 24. Rd1 Rxd1 25. Kxd1 g5 26. c7 Kg7 27. c8=Q h5
28. g4 hxg4 29. Qxg4 Kg6 30. Qxe4+ Kf7 31. Kd2 Ke6 32. Kc3 Kf7 33. Qf5 Ke7 34.
Kc4 Kf7 35. Kd5 e4 36. Kd6 Ke8 37. Qxf6 g4 1-0

[Event "Southern Alberta op"]
[Site "Calgary CAN"]
[Date "2002.11.17"]
[Round "5"]
[White "Kaminski, Victor"]
[Black "Nguyen, Kim"]
[Result "0-1"]
[WhiteElo "1719"]
[BlackElo "1985"]
[PlyCount "96"]
[EventDate "2002.11.15"]
[EventType "swiss"]
[EventRounds "5"]
[EventCountry "CAN"]

1. g3 g6 2. Bg2 Bg7 3. Nf3 Nf6 4. O-O O-O 5. d3 d6 6. Nbd2 Nbd7 7. Re1 c5 8. c3
Rb8 9. a4 b6 10. Qc2 a6 11. Rb1 Qc7 12. d4 cxd4 13. Nxd4 Bb7 14. Bxb7 Qxb7 15.
b4 Rfc8 16. Bb2 Ng4 17. Qb3 b5 18. axb5 axb5 19. h3 Nge5 20. N4f3 Nb6 21. Nxe5
Bxe5 22. e4 Na4 23. Rbc1 Nxb2 24. Qxb2 Rc7 25. Qb3 Qc8 26. c4 Qxh3 27. cxb5
Rcb7 28. Nc4 Rxb5 29. Nxe5 Rxe5 30. Rc4 Rh5 31. Qf3 Qh2+ 32. Kf1 Qh3+ 33. Kg1
Qe6 34. Rec1 Rhb5 35. Qb3 h5 36. Qa4 Kh7 37. Kg2 h4 38. Qb3 hxg3 39. fxg3 Rh5
40. Qf3 Kg7 41. Qc3+ f6 42. Kf3 g5 43. Rc7 Rh3 44. Qd4 Rbh8 45. Qd5 Rxg3+ 46.
Kxg3 Qh3+ 47. Kf2 Qh2+ 48. Ke3 Rh3+ 0-1

[Event "Southern Alberta op"]
[Site "Calgary CAN"]
[Date "2002.11.17"]
[Round "5"]
[White "Kazmaier, Daniel"]
[Black "Pivovarov, Juraj"]
[Result "1/2-1/2"]
[WhiteElo "1864"]
[BlackElo "1820"]
[PlyCount "76"]
[EventDate "2002.11.15"]
[EventType "swiss"]
[EventRounds "5"]
[EventCountry "CAN"]

1. e4 a6 2. d4 b5 3. Nf3 Bb7 4. Bd3 c5 5. c3 cxd4 6. cxd4 Nc6 7. O-O Rc8 8. a3
e6 9. b4 Nf6 10. Bb2 d5 11. e5 Nd7 12. Nbd2 Be7 13. h3 g5 14. Nh2 Nf8 15. f4
gxf4 16. Rxf4 Ng6 17. Bxg6 hxg6 18. Ng4 Rh7 19. Nb3 Kd7 20. Nf6+ Bxf6 21. Nc5+
Kc7 22. Rxf6 Kb8 23. Bc3 Ne7 24. Rf3 Nf5 25. Qf1 Qh4 26. Qd3 g5 27. a4 Rxc5 28.
bxc5 Bc6 29. Rb1 Qe4 30. Qxe4 dxe4 31. Rf2 e3 32. Re2 Rh4 33. axb5 Bxb5 34. Rb4
Kc7 35. Re1 Re4 36. Bb2 Kc6 37. g3 Nxg3 38. Kg2 Nf5 1/2-1/2

[Event "Southern Alberta op"]
[Site "Calgary CAN"]
[Date "2002.11.17"]
[Round "5"]
[White "Milne, Arthur"]
[Black "Hughey, Micah"]
[Result "0-1"]
[WhiteElo "1804"]
[BlackElo "2032"]
[PlyCount "28"]
[EventDate "2002.11.15"]
[EventType "swiss"]
[EventRounds "5"]
[EventCountry "CAN"]

1. Nf3 d5 2. c4 e6 3. g3 c5 4. Bg2 Nf6 5. b3 Nc6 6. O-O Be7 7. d3 O-O 8. Bb2 a6
9. e3 b5 10. Qe2 Bb7 11. Nbd2 Re8 12. Rfd1 Qb6 13. Rac1 Rad8 14. cxd5 exd5 0-1

[Event "Southern Alberta op"]
[Site "Calgary CAN"]
[Date "2002.11.17"]
[Round "5"]
[White "Reeve, Jeff"]
[Black "Yearwood, Roy"]
[Result "1/2-1/2"]
[WhiteElo "2372"]
[BlackElo "2123"]
[PlyCount "24"]
[EventDate "2002.11.15"]
[EventType "swiss"]
[EventRounds "5"]
[EventCountry "CAN"]

1. e4 e5 2. Nf3 Nc6 3. d4 exd4 4. Nxd4 Bc5 5. Be3 Qf6 6. c3 Nge7 7. Bc4 Ne5 8.
Be2 Qg6 9. O-O Qf6 10. Nd2 Qg6 11. f4 N5c6 12. f5 Qf6 1/2-1/2

[Event "Southern Alberta op"]
[Site "Calgary CAN"]
[Date "2002.11.17"]
[Round "5"]
[White "Roy, Jim"]
[Black "Huber, Greg"]
[Result "0-1"]
[WhiteElo "1923"]
[BlackElo "2301"]
[PlyCount "62"]
[EventDate "2002.11.15"]
[EventType "swiss"]
[EventRounds "5"]
[EventCountry "CAN"]

1. d4 Nf6 2. c4 c5 3. d5 e6 4. Nc3 exd5 5. Nxd5 Nxd5 6. cxd5 d6 7. e4 Be7 8.
Bd3 Nd7 9. f4 O-O 10. Nf3 Nf6 11. O-O Re8 12. b3 Bf8 13. e5 Ng4 14. Bxh7+ Kxh7
15. Ng5+ Kg8 16. f5 Nh6 17. e6 Qf6 18. Qh5 Be7 19. Bb2 Qxg5 20. Qe2 Bf6 21.
Rae1 fxe6 22. Bxf6 Qxf6 23. fxe6 Qd4+ 24. Kh1 Qxd5 25. Qf2 Bxe6 26. Rd1 Qf5 27.
Qg3 Qe5 28. Qf3 Rf8 29. Qxf8+ Rxf8 30. Rfe1 Qf6 31. h3 d5 0-1

[Event "Souvenir"]
[Site "Montreal CAN"]
[Date "2002.11.09"]
[Round "2"]
[White "Bolduc, Steve"]
[Black "Rivest, Jean-Michel"]
[Result "1-0"]
[WhiteElo "2088"]
[BlackElo "1805"]
[PlyCount "69"]
[EventDate "2002.11.08"]
[EventType "swiss (rapid)"]
[EventRounds "5"]
[EventCountry "CAN"]

1. d4 Nf6 2. Nf3 g6 3. g3 Bg7 4. Bg2 d5 5. O-O O-O 6. c4 dxc4 7. Na3 c5 8. Nxc4
Be6 9. Nfe5 Bd5 10. dxc5 Bxg2 11. Qxd8 Rxd8 12. Kxg2 Ne4 13. Be3 Nd7 14. Nxd7
Rxd7 15. Rac1 Bd4 16. Bxd4 Rxd4 17. e3 Rd5 18. b4 Rad8 19. Rc2 Rd3 20. Rfc1 Kg7
21. Kf1 f5 22. f3 Nd2+ 23. Nxd2 Rxd2 24. Ke1 R2d3 25. Ke2 Ra3 26. b5 Rdd3 27.
c6 bxc6 28. bxc6 Rxe3+ 29. Kf2 Rxf3+ 30. Kg2 f4 31. g4 Rfe3 32. c7 f3+ 33. Kf2
Re2+ 34. Rxe2 fxe2 35. c8=Q 1-0

[Event "Spring Fever III"]
[Site "Toronto CAN"]
[Date "2002.03.13"]
[Round "1"]
[White "Barabas, Istvan"]
[Black "Henderson, Fred"]
[Result "0-1"]
[WhiteElo "1473"]
[BlackElo "1888"]
[PlyCount "52"]
[EventDate "2002.03.13"]
[EventType "swiss"]
[EventRounds "5"]
[EventCountry "CAN"]

1. e4 c5 2. c4 Nc6 3. Nf3 g6 4. d4 cxd4 5. Nxd4 Bg7 6. Be3 Nf6 7. Nxc6 bxc6 8.
Bd4 d6 9. Qc2 O-O 10. Bd3 e5 11. Bc3 Nh5 12. Be2 Qg5 13. g3 f5 14. h4 Qf6 15.
Rh2 fxe4 16. Qxe4 Bb7 17. Bxh5 d5 18. cxd5 cxd5 19. Qb4 Rab8 20. Be2 Ba6 21.
Qc5 d4 22. Bxa6 Qxa6 23. Qa5 dxc3 24. Qxa6 cxb2 25. Qc4+ Kh8 26. Qc3 e4 0-1

[Event "Spring Sectional A"]
[Site "Edmonton CAN"]
[Date "2002.06.15"]
[Round "1"]
[White "Clark, Alan"]
[Black "Hughey, Micah"]
[Result "1-0"]
[WhiteElo "2046"]
[BlackElo "2136"]
[PlyCount "51"]
[EventDate "2002.06.15"]
[EventType "tourn"]
[EventRounds "5"]
[EventCountry "CAN"]
[SourceDate "2003.08.17"]

1. c4 e6 2. g3 d5 3. Bg2 c5 4. Nf3 Nf6 5. O-O Nc6 6. d3 Be7 7. Nc3 d4 8. Na4 a6
9. b3 b5 10. Nb2 Bb7 11. a3 O-O 12. Bf4 Qb6 13. Rb1 h6 14. Qc2 Nd7 15. e4 dxe3
16. Bxe3 Nd4 17. Bxd4 cxd4 18. b4 bxc4 19. dxc4 e5 20. Rbd1 Rad8 21. Rfe1 d3
22. Nxd3 e4 23. Nde5 exf3 24. Nxd7 Qc7 25. Nxf8 Rxd1 26. Qh7+ 1-0

[Event "Spring Sectional A"]
[Site "Edmonton CAN"]
[Date "2002.06.15"]
[Round "1"]
[White "Gomboc, Dave"]
[Black "Meharg, Bruce"]
[Result "1-0"]
[WhiteElo "1906"]
[BlackElo "1885"]
[PlyCount "71"]
[EventDate "2002.06.15"]
[EventType "tourn"]
[EventRounds "5"]
[EventCountry "CAN"]
[SourceDate "2003.08.17"]

1. d4 Nf6 2. c4 e6 3. g3 c5 4. d5 exd5 5. cxd5 d6 6. Bg2 g6 7. Nf3 Bg7 8. O-O
O-O 9. Nc3 Nbd7 10. Bf4 Qe7 11. e4 a6 12. a4 Ng4 13. Qd2 Nde5 14. Bg5 Qc7 15.
Nxe5 Nxe5 16. Rac1 Bd7 17. b3 b5 18. f4 Ng4 19. h3 Bd4+ 20. Kh1 Ne3 21. Rf3
Nxg2 22. Kxg2 Rfe8 23. f5 Bg7 24. Bf6 b4 25. Bxg7 Kxg7 26. f6+ Kh8 27. Qh6 Rg8
28. Rf4 g5 29. Rf5 Bxf5 30. exf5 bxc3 31. h4 Rg6 32. fxg6 fxg6 33. Re1 Qb7 34.
Kh2 Rg8 35. Re7 Qxd5 36. Rxh7# 1-0

[Event "Spring Sectional A"]
[Site "Edmonton CAN"]
[Date "2002.06.15"]
[Round "1"]
[White "Yearwood, Roy"]
[Black "Gardner, Robert"]
[Result "0-1"]
[WhiteElo "2177"]
[BlackElo "2251"]
[PlyCount "49"]
[EventDate "2002.06.15"]
[EventType "tourn"]
[EventRounds "5"]
[EventCountry "CAN"]
[SourceDate "2003.08.17"]

1. d4 Nf6 2. Nf3 c5 3. d5 b5 4. Bf4 d6 5. a4 b4 6. e4 g6 7. e5 Nh5 8. Be3 a6 9.
h3 Qc7 10. g4 Ng7 11. Bf4 h5 12. Rg1 Bb7 13. c4 Nd7 14. exd6 exd6 15. Qe2+ Be7
16. Kd1 Nf6 17. Ng5 Rf8 18. Bg2 O-O-O 19. Nd2 Rde8 20. Qf3 Kb8 21. Qg3 Bc8 22.
Re1 Rd8 23. Qe3 Ng8 24. Nge4 hxg4 25. Qxc5 0-1

[Event "Spring Sectional A"]
[Site "Edmonton CAN"]
[Date "2002.06.15"]
[Round "2"]
[White "Hughey, Micah"]
[Black "Gardner, Robert"]
[Result "0-1"]
[WhiteElo "2136"]
[BlackElo "2251"]
[PlyCount "102"]
[EventDate "2002.06.15"]
[EventType "tourn"]
[EventRounds "5"]
[EventCountry "CAN"]
[SourceDate "2003.08.17"]

1. e4 c5 2. Nf3 d6 3. c3 Nf6 4. Bd3 Bg4 5. Bc2 Nc6 6. O-O g6 7. h3 Bxf3 8. Qxf3
Bg7 9. Rd1 e5 10. a4 O-O 11. Na3 d5 12. exd5 Qxd5 13. Qxd5 Nxd5 14. d3 Rad8 15.
Nc4 Rd7 16. g3 h5 17. Kg2 Kh7 18. Re1 f6 19. f4 exf4 20. gxf4 f5 21. Bd2 Bh6
22. Kf3 Ndb4 23. Bb3 Nxd3 24. Re2 Ndb4 25. Be3 Na6 26. a5 Re7 27. Rd2 Rfe8 28.
Ba4 Re4 29. Bxc6 bxc6 30. b3 R8e7 31. Rd6 Nc7 32. Rxc6 Nd5 33. Bxc5 Rxf4+ 34.
Kg3 h4+ 35. Kg2 Re2+ 36. Kg1 Rf3 37. Bxa7 Nf4 38. Rc7+ Bg7 39. Rxg7+ Kxg7 40.
Bd4+ Kf8 41. Ne3 Rff2 42. Nf1 Nxh3+ 43. Kh1 Ra2 44. Rb1 Rfb2 45. Rxb2 Rxb2 46.
a6 Ra2 47. a7 g5 48. Nd2 Ke7 49. Nc4 g4 50. Na3 g3 51. a8=Q Rh2# 0-1

[Event "Spring Sectional A"]
[Site "Edmonton CAN"]
[Date "2002.06.15"]
[Round "2"]
[White "Meharg, Bruce"]
[Black "Yearwood, Roy"]
[Result "0-1"]
[WhiteElo "1885"]
[BlackElo "2177"]
[PlyCount "90"]
[EventDate "2002.06.15"]
[EventType "tourn"]
[EventRounds "5"]
[EventCountry "CAN"]
[SourceDate "2003.08.17"]

1. d4 d6 2. c4 Nf6 3. Nc3 Bf5 4. Nf3 Nbd7 5. h3 e5 6. Nh4 exd4 7. Qxd4 Be6 8.
Nf3 Be7 9. e3 Nc5 10. b4 Na6 11. Rb1 Nxb4 12. Rb2 O-O 13. Qd1 d5 14. a3 Nc6 15.
Rxb7 Na5 16. Rb1 dxc4 17. Qxd8 Rfxd8 18. Be2 Nb3 19. Bb2 Nd7 20. O-O Ndc5 21.
Nb5 Rd7 22. Nbd4 Nd3 23. Bxd3 cxd3 24. Nxe6 fxe6 25. Bxg7 Na5 26. Bc3 Nc4 27.
a4 c5 28. Rfd1 Kf7 29. Rb3 Rad8 30. Be5 Nb6 31. a5 c4 32. Rb5 Rd5 33. Rxd5 Nxd5
34. Bd4 Bf6 35. Ne5+ Bxe5 36. Bxe5 c3 37. Rxd3 c2 38. Bb2 Rb8 39. Ba3 Rb1+ 40.
Kh2 Ra1 41. e4 Rxa3 42. Rxa3 c1=Q 43. Rf3+ Nf4 44. g3 e5 45. gxf4 exf4 0-1

[Event "Spring Sectional A"]
[Site "Edmonton CAN"]
[Date "2002.06.15"]
[Round "3"]
[White "Gardner, Robert"]
[Black "Meharg, Bruce"]
[Result "1/2-1/2"]
[WhiteElo "2251"]
[BlackElo "1885"]
[PlyCount "100"]
[EventDate "2002.06.15"]
[EventType "tourn"]
[EventRounds "5"]
[EventCountry "CAN"]
[SourceDate "2003.08.17"]

1. e4 c5 2. Nf3 d6 3. d4 cxd4 4. Nxd4 Nf6 5. Nc3 a6 6. Be2 e5 7. Nb3 Be7 8. O-O
O-O 9. Kh1 Be6 10. f4 exf4 11. Bxf4 Nc6 12. Qe1 Ne5 13. Rd1 Qc7 14. Nd4 Ng6 15.
Bg3 Rac8 16. Nf5 Bxf5 17. exf5 Ne5 18. Rf4 Rfe8 19. Rfd4 Bf8 20. Qf1 b5 21. a3
Rcd8 22. R1d2 h6 23. Nd5 Nxd5 24. Rxd5 Rc8 25. h3 Rcd8 26. Qd1 Rc8 27. a4 Nc4
28. Bxc4 Qxc4 29. axb5 axb5 30. Bxd6 Bxd6 31. Rxd6 Qe4 32. f6 g6 33. c3 Qf4 34.
Kg1 Qe3+ 35. Rf2 b4 36. Rd3 Qb6 37. Qd2 Kh7 38. cxb4 Re6 39. Qf4 Rb8 40. Rd7
Rb7 41. Qd4 Qxd4 42. Rxd4 Rbb6 43. Rd7 Rxf6 44. Rxf7+ Rxf7 45. Rxf7+ Kg8 46.
Rf4 g5 47. Re4 Kf7 48. Kf2 Kf6 49. Ke3 h5 50. Kd4 Rxb4+ 1/2-1/2

[Event "Spring Sectional A"]
[Site "Edmonton CAN"]
[Date "2002.06.15"]
[Round "3"]
[White "Gomboc, Dave"]
[Black "Hughey, Micah"]
[Result "1/2-1/2"]
[WhiteElo "1906"]
[BlackElo "2136"]
[PlyCount "41"]
[EventDate "2002.06.15"]
[EventType "tourn"]
[EventRounds "5"]
[EventCountry "CAN"]
[SourceDate "2003.08.17"]

1. e4 e5 2. f4 Bc5 3. Nf3 d6 4. c3 Nf6 5. d4 exd4 6. cxd4 Bb4+ 7. Bd2 Bxd2+ 8.
Nbxd2 Qe7 9. Bd3 Nxe4 10. Nxe4 d5 11. O-O dxe4 12. Bxe4 O-O 13. Qc2 h6 14. Ne5
Qd6 15. Rad1 Nd7 16. Nxd7 Qxd7 17. f5 f6 18. Rf3 c6 19. d5 cxd5 20. Rc3 dxe4
21. Rxd7 1/2-1/2

[Event "Spring Sectional A"]
[Site "Edmonton CAN"]
[Date "2002.06.15"]
[Round "3"]
[White "Yearwood, Roy"]
[Black "Clark, Alan"]
[Result "1/2-1/2"]
[WhiteElo "2177"]
[BlackElo "2046"]
[PlyCount "91"]
[EventDate "2002.06.15"]
[EventType "tourn"]
[EventRounds "5"]
[EventCountry "CAN"]
[SourceDate "2003.08.17"]

1. d4 Nf6 2. Nf3 d5 3. Bf4 g6 4. e3 Bg7 5. Nbd2 Bf5 6. h3 c6 7. Bd3 Be4 8. O-O
Nbd7 9. Ne5 Bxd3 10. cxd3 O-O 11. Qb3 Qb6 12. Rfc1 Rac8 13. Rc2 Rfd8 14. Rac1
Ne8 15. Nef3 f6 16. Qa3 Kf7 17. Rc3 a6 18. Nb3 Nc7 19. Nc5 Nb5 20. Nxd7 Rxd7
21. Qb3 Qa7 22. Rc5 Bf8 23. a4 Nc7 24. R5c2 Ne6 25. Bg3 a5 26. Nh4 Nc7 27. Qc3
Qb6 28. f4 Na6 29. Be1 Nb4 30. Qb3 e6 31. Rf2 Qa6 32. Rc3 c5 33. dxc5 Rxc5 34.
Rxc5 Bxc5 35. Bxb4 Bxb4 36. Rc2 Qb6 37. d4 Rc7 38. Nf3 Rxc2 39. Qxc2 Qc6 40.
Qb3 b5 41. axb5 Qxb5 42. Kh2 Qc4 43. Qa4 Qe2 44. Qb3 Qc4 45. Qa4 Qe2 46. Qb3
1/2-1/2

[Event "Spring Sectional A"]
[Site "Edmonton CAN"]
[Date "2002.06.16"]
[Round "4"]
[White "Clark, Alan"]
[Black "Gardner, Robert"]
[Result "1/2-1/2"]
[WhiteElo "2046"]
[BlackElo "2251"]
[PlyCount "55"]
[EventDate "2002.06.15"]
[EventType "tourn"]
[EventRounds "5"]
[EventCountry "CAN"]
[SourceDate "2003.08.17"]

1. d4 Nf6 2. c4 c5 3. d5 b5 4. cxb5 a6 5. Nc3 axb5 6. Nxb5 Ba6 7. Nc3 d6 8. Nf3
g6 9. g3 Bg7 10. Bg2 Nbd7 11. O-O Nb6 12. Re1 O-O 13. Rb1 Bc4 14. e4 Bxa2 15.
Nxa2 Rxa2 16. Bd2 Nfd7 17. Bc3 Qa8 18. Bxg7 Kxg7 19. b4 c4 20. Qd4+ f6 21. Ng5
Rc8 22. Ne6+ Kf7 23. Qe3 Rh8 24. Qh6 Qg8 25. Ra1 Rb2 26. Rab1 Ra2 27. Ra1 Rb2
28. Rab1 1/2-1/2

[Event "Spring Sectional A"]
[Site "Edmonton CAN"]
[Date "2002.06.16"]
[Round "4"]
[White "Gomboc, Dave"]
[Black "Yearwood, Roy"]
[Result "1/2-1/2"]
[WhiteElo "1906"]
[BlackElo "2177"]
[PlyCount "49"]
[EventDate "2002.06.15"]
[EventType "tourn"]
[EventRounds "5"]
[EventCountry "CAN"]
[SourceDate "2003.08.17"]

1. e4 d5 2. exd5 Qxd5 3. Nc3 Qd8 4. Nf3 Bg4 5. h3 Bh5 6. Bc4 e6 7. O-O Nd7 8.
d4 c6 9. Ne4 Be7 10. Bf4 Nb6 11. Bb3 Nf6 12. Nxf6+ gxf6 13. c3 f5 14. Qd3 Nd5
15. Bh2 Bd6 16. Ne5 Qc7 17. c4 Nb4 18. Qe3 Qe7 19. a3 Na6 20. c5 Bc7 21. Nc4
Bxh2+ 22. Kxh2 O-O-O 23. Qe5 Nc7 24. Nd6+ Kd7 25. Bc4 1/2-1/2

[Event "Spring Sectional A"]
[Site "Edmonton CAN"]
[Date "2002.06.16"]
[Round "4"]
[White "Hughey, Micah"]
[Black "Meharg, Bruce"]
[Result "0-1"]
[WhiteElo "2136"]
[BlackElo "1885"]
[PlyCount "28"]
[EventDate "2002.06.15"]
[EventType "tourn"]
[EventRounds "5"]
[EventCountry "CAN"]
[SourceDate "2003.08.17"]

1. d4 Nf6 2. Nf3 b6 3. Nbd2 Bb7 4. e3 e6 5. Bd3 c5 6. c3 Nc6 7. O-O Be7 8. Qe2
O-O 9. e4 cxd4 10. cxd4 Nb4 11. Bb1 Ba6 12. Qe3 Bxf1 13. Kxf1 Rc8 14. e5 Rxc1+
0-1